000 00696nam a2200217 a 4500
001 000023821
005 20200930022506.0
008 110113s1992 sp r 000 d spa d
020 _a8487583067
040 _aDO-SdBNP
_bspa
_cBNPHU
082 _a862.64
_bM722d
100 1 _aMolina Foix, Vicente,
_d1946-
_923085
245 1 0 _aDon Juan Último /
_cVicente Molina Foix.
260 _aMadrid, (España) :
_bCentro Dramático Nacional,
_c1992.
300 _a74 p. ;
_c20 cm.
490 1 _aPublicaciones Centro dramático nacional
_v8
650 4 _aTeatro español
_93071
650 4 _aLiteratura española
_9632
830 0 _aPublicaciones Centro dramático nacional ;
_v8
_949030
049 _aBNGR
999 _c23317
_d23317